000 02975nam a2200409 i 4500
003 DO-SdBNP
005 20260317141442.0
007 ta
008 220120e2021 dr a|||fr|||| 001 e spa d
020 _a9789945443622 (serie)
020 _a9789945629064 (v. 285)
040 _aDO-SdBNP
_bspa
_cBNPHU
_erda
041 _aspa
082 4 _a330.97293
_bC744n 2020
_222
111 2 _96999
_aConcurso Biblioteca Juan Pablo Duarte
_c(Santo Domingo :
_d2020)
245 1 0 _aNueva literatura económica dominicana :
_bPremios del Concurso de Economía Biblioteca "Juan Pablo Duarte" 2020 /
_cedición, José Alcántara Almánzar y Elvis Francisco Soto.
264 1 _aSanto Domingo :
_bBanco Central de la República Dominicana,
_c2021.
300 _a424 páginas :
_bilustraciones ;
_c23 cm
336 _atexto
_btxt
_2rdacontent
337 _asin mediación
_bn
_2rdamedia
338 _avolumen
_bnc
_2rdacarrier
490 1 _aBanco Central de la República Dominicana ;
_v285
490 1 _aNueva literatura económica;
_v25
505 _aPresentación.--
505 0 _aIntroducción.
_tPrimera parte.
_uComunicado de política monetaria del Banco Central como instrumentos complementarios de política: un análisis semántico para el caso dominicano. /
_rLiliana Eugenia Cruz Quezada
_tSegunda parte.
_uReglas de política monetaria y evaluación de bienestar en una economía pequeña y abierta con fricciones financieras: evidencia para República Dominicana desde un enfoque DSGE Neo Keynesiano. /
_rManuel Alberto Pérez Pérez.--
_tTercera parte.
_uCaracterización del riesgo de tasa de interés de la cartera de inversión de los bancos múltiples y su importancia en el análisis de la estabilidad financiera en la República Dominicana. /
_rVíctor José Reyes Hernández. Alerso Pimentel Domínguez
_tCuarta parte.
_uPolítica monetaria óptima con múltiples instrumentos: el caso de la República Dominicana.
_rFrancisco A. Ramírez de León, Ariadne M. Checo de los Santos
_tQuinta parte.
_uIncidencia de la automatización en el mercado de trabajo de la República Dominicana. /
_rSabeida Pérez Reyes, Eduardo R. Vásquez Nolasco.--
590 _aInventariado 2022 / MF
650 4 _aPolítica monetaria
_zRepública Dominicana
_95998
_y2018
650 7 _aMercado de trabajo
_vCongresos, conferencias, etc.
_y2018
_zRepública Dominicana
_2LIBRUNAM
_919058
650 4 _aInflacción
_zRepública Dominicana
_980992
_vCongresos, conferencias, etc.
_y2018
651 4 _aRepública Dominicana
_xCondiciones económicas
_vCongresos, conferencias, etc.
_y2018
_981083
651 4 _aRepública Dominicana
_xPolítica económica
_vCongresos, conferencias, etc.
_y2018
_981084
700 1 _aAlcántara Amánzar, José,
_eeditor
_4ed.
_980987
700 1 _aSoto, Elvis Francisco,
_eeditor
_4ed.
_980988
830 _aBanco Central de la República Dominicana ;
_n285
_980989
_pNueva literatura económica ; 25
_v25
910 _aMFéliz/Validado. Control de calidad MFF
942 _2ddc
_cLBS1
999 _c51206
_d51206